000
00281nam a22001217a 4500
003
OSt
008
250128b |||||||| |||| 00| 0 eng d
041
_a
eng
100
_a
Bergston, George
_9
7012
245
_a
Fish as Food Vol.IV
260
_a
New York:
_b
Academic Press,
942
_c
BK
999
_c
19161
_d
19161